Cookies!!! Quiz Stats

Quiz Updated Oct 22, 2017

Challenge
Share
Tweet
Score 0/25 Timer 05:00
7 Plays Today
Picture Number Cookie % Correct
13.Oreo
97.6%
1.Chocolate Chip Cookie
97.2%
4.Gingerbread Cookie
96.9%
10.Fortune Cookie
93.5%
3.M&M Cookie
90.6%
7.Sugar Cookie
81.8%
2.Macadamia Nut Cookie (with White Chocolate)
80.6%
9.Peanut Butter Cookie
77.8%
25.Thin Mint
72.7%
11.Oatmeal Raisin Cookie
67.7%
19.Nutter Butter
67.4%
8.Milano
65.3%
17.Biscotti
59.8%
Picture Number Cookie % Correct
5.Black and White Cookie
57.7%
14.Snickerdoodle
54.7%
21.Samoa
53.4%
18.Molasses Cookie
51.2%
22.Hershey Kiss Cookie (with Peanut Butter)
42.7%
20.Shortbread Cookie
38.2%
16.Nilla Wafers
35.6%
15.Rainbow Cookie (Neapolitan)
28.7%
23.ELFudge
18.4%
12.Tim Tam
9.6%
6.Berger Cookie
8.9%
24.Uncle Seth's Pink Cookie
5.6%

You're not logged in!

Compare scores with friends on all Sporcle quizzes.
Sign Up with Email
OR
Log In

You Might Also Like...

Show Comments

Extras

Top Quizzes Today


Score Distribution

Your Account Isn't Verified!

In order to create a playlist on Sporcle, you need to verify the email address you used during registration. Go to your Sporcle Settings to finish the process.